| 000 | 00472nam a2200193Ia 4500 | ||
|---|---|---|---|
| 005 | 20240823050709.0 | ||
| 008 | 240823s9999||||xx |||||||||||||| ||und|| | ||
| 020 | _a978-0-19-569238-9 | ||
| 041 | _aENGLISH | ||
| 082 | _A891.43913 Q2 | ||
| 100 | _aRalph Russell | ||
| 245 | 0 | _a"GHALIB Life, Letters and Ghazals" | |
| 250 | _a1st | ||
| 260 |
_c2012 _bOxford University _aNew Delhi |
||
| 500 | _aYES | ||
| 650 |
_aGeneral _bGeneral |
||
| 942 | _cBK | ||
| 999 |
_c217849 _d217849 |
||